Mengenal dan memahami masalah remaja

Bibliographic Details
Main Author: Sanusi (Author)
Format: Book
Published: Jakarta : Pustaka Antara , 1991
Subjects:

MARC

LEADER 00000cam a2200000 7i4500
001 0000002750
005 20021118093000.0
008 021118n
020 |a 9798013083 
090 0 0 |a HQ793   |b .M36 
245 0 0 |a Mengenal dan memahami masalah remaja   |c penyunting, Sanusi, Badri dan Syafruddin 
260 2 |a Jakarta :   |b Pustaka Antara ,   |c 1991 
300 |a 112 ms. ; ;   |c 21 sm. 
650 0 |a Youth 
700 0 |a Sanusi ,   |e author 
999 |a 1000026094   |b Book   |c OPEN SHELF (30 DAYS)   |e Gong Badak Campus